01268nam a2200217Ia 4500001053100000002005100531008003700582010001100619530002200630650003000652650002300682650003900705650003100744650006600775650002900841650003200870650002600902700004800928700002900976700004501005IA_In a consecutive way to the innate curiosity that they arose to the persons who at present take charge governing this company it is to make a diagnosis by means of technologies as the analysis factorial, the counterfoil FODA and with the fishbone do emphasis in which it is the major problem that he afflicts to the company and this way to put end by means of strategies that allow a constant improvement the company already be to shortly, medium and long-term depending on the circumstances on which every strategy is focused.ANALISIS SITUACIONAL Y PROCESO ESTRATEGICO DE LA E220117s xx 000 0 und d a184232 aDisponible en PDF aAdministrative management aEntrepreneurship  aFood industryxNeeds assessments  aGestión administrativa  aIndustria de los alimentosxIdentificación de necesidades  aIniciativa empresarial  aInvestigación operativa  aOperations research  aMolina González, María Xochitl, asesor 1 aPonce Hernández, Pedro aReyna Izaguirre, Diana América, asesor